Sudan, a nation in the balance

Αποθηκεύτηκε σε:
Λεπτομέρειες βιβλιογραφικής εγγραφής
Κύριος συγγραφέας: Peters, Chris
Μορφή: Βιβλίο
Γλώσσα:English
Δημοσίευση: Irelend : Oxfam, 1996
Σειρά:Oxfam country profile
Θέματα:
Ετικέτες: Προσθήκη ετικέτας
Δεν υπάρχουν, Καταχωρήστε ετικέτα πρώτοι!

MARC

LEADER 00000nam a2200000 i 4500
001 1/5172
008 000602s1996 eng d
020 |a 0-85598-316-7 
035 |l 10061491 
040 |a GR-MY-UA  |b gre  |e aacr 
041 0 |a eng 
082 0 |a 962.404 
100 1 |a Peters, Chris. 
245 1 0 |a Sudan, a nation in the balance /  |c Chris Peters 
260 |a Irelend :   |b Oxfam,   |c 1996 
300 |a 64p. 
490 1 |a Oxfam country profile 
504 |a Includes bibliographical references 
651 0 |a Sudan  |x Economics conditions. 
651 0 |a Sudan  |x Social conditions. 
651 0 |a Sudan  |x History. 
852 |a INST  |b LESVOS  |e 20000602  |h 962.404 PET  |p 005100024145  |q 005100024145  |t BK  |y 0 
901 |a BIBL1-2000-2 
909 |a Λ  |b 080123 
922 |a 1ΕΛΗ  |b 200005  |c ΚΠΣ/ΤΓ  |d LEADER 
950 |a 118-1999-09-20 
970 |a ΚΑΜΑΤΣΟΥ  |b ΔΕΣΠΟΙΝΑ  |z 2000/06/05